LEADER 01282cam0 22002893 450 001 SOB018652 005 20210705081921.0 100 $a20040211d1997 |||||ita|0103 ba 101 $aita 102 $aIT 200 1 $aDa Gioacchino da Fiore a Cristiforo Colombo$estudi sul francescanesimo spirituale, sull'ecclesiologia e sull'escatologismo bassomedievali$fRaoul Manselli$gintroduzione e cura di Paolo Vian 210 $aRoma$cnella sede dell'Istituto$d1997 215 $aC, 749 p., [1] c. di tav.$cill.$d25 cm 225 2 $aNuovi Studi Storici$fIstituto storico italiano per il Medio Evo$v36 300 $aIn testa al front.: Istituto storico italiano per il Medio Evo 410 1$1001LAEC00018293$12001 $a*Nuovi Studi Storici / Istituto storico italiano per il Medio Evo$v36 700 1$aManselli$b, Raoul$3AF00012019$4070$0153506 702 1$aVIAN, Paolo$3AF00022264$4070 801 0$aIT$bUNISOB$c20210705$gRICA 850 $aUNISOB 852 $aUNISOB$j900|Coll|33a|K$m112449 912 $aSOB018652 940 $aM 102 Monografia moderna SBN 941 $aM 957 $a900|Coll|33a|K$b000030$gSI$d112449$rACQUISTO$1rovito$2UNISOB$3UNISOB$420210705081905.0$520210705081921.0$6rovito 996 $aDa Gioacchino da Fiore a Cristiforo Colombo$91675765 997 $aUNISOB LEADER 01222nam0 22003373i 450 001 NAP0548420 005 20251003044255.0 010 $a0073383090 010 $a9780073383095 100 $a20121009d2012 ||||0itac50 ba 101 | $aeng 102 $aus 181 1$6z01$ai $bxxxe 182 1$6z01$an 200 1 $aDiscrete mathematics and its applications$fKenneth H. Rosen 205 $a7. ed 210 $aNew York [etc.]$cMcGraw-Hill$d2012 215 $aXX, 903, [146] p.$cill.$d28 cm 500 10$aDiscrete mathematics and its applications$3USM1966840$9MILV080260$928159 606 $aMatematica discreta$2FIR$3VEAC438082$9N 676 $a511$9Principi generali della matematica$v14 676 $a511.1$9MATEMATICA FINITA$v22 700 1$aRosen$b, Kenneth H.$3MILV080260$4070$061992 801 3$aIT$bIT-000000$c20121009 850 $aIT-BN0095 901 $bNAP 01$cSALA DING $n$ 912 $aNAP0548420 950 0$aBiblioteca Centralizzata di Ateneo$b1 v.$c1 v.$d 01SALA DING 511 ROS.di$e 0102 0000087245 VMA A4 1 v.$fY $h20111019$i20111021 977 $a 01 996 $aDiscrete mathematics and its applications$928159 997 $aUNISANNIO